000 00959nam0a2200301 4500
001 RU\NLR\ONL2\3879
005 20250613125116.0
010 _a5-7608-0357-3
_9500
035 _a(NLR Aleph) 009651477
090 _a9573666
_c9573666
100 _a20050909d2002 |||y0rusy50 ca
101 0 _aady
102 _aRU
105 _ac |||||||||
200 1 _aПсыархъуан
_eПовестхэмрэ рассказхэмрэ
210 _aМыекъуапэ
_cАыгэ Респ. итхылъ тедзапI
_d2002
215 _a159 с.
_cпортр.
_d21
541 1 _6z01790
_aВодоворот
_zrus
686 1 _aШ6(2=Адыг)7-4
700 1 _aНэхэе
_bР.
_gРуслъан
_4070
790 1 _6z01541
_aНехай
_bР. М.
_gРуслан Махмутович
_4070
801 0 _aRU
_bNLR
_c20050909
_gPSBO
852 _aNLR
_bОНЛ
_jАдыг./3-1242
942 _cBOOK
980 _aNB
980 _aONL_RF